[Event "BEL-chT 2223"]
[Site "Belgium"]
[Date "2022.09.25"]
[Round "1.3"]
[White "Bouhallel, Rabah"]
[Black "Haast, Anne"]
[Result "0-1"]
[WhiteElo "2292"]
[BlackElo "2320"]
[PlyCount "150"]
[EventDate "2022.09.25"]
[EventType "team-tourn"]
[EventRounds "11"]
[EventCountry "BEL"]
[SourceTitle "EXT 2024"]
[Source "ChessBase"]
[SourceDate "2023.10.10"]
[SourceVersion "1"]
[SourceVersionDate "2023.10.10"]
[SourceQuality "1"]
[WhiteTeam "Oostende"]
[BlackTeam "Mechelen"]
[WhiteTeamCountry "BEL"]
[BlackTeamCountry "BEL"]

1. d4 f5 2. g3 Nf6 3. Bg2 g6 4. c3 Bg7 5. Qb3 d5 6. Nh3 0-0 7. Nd2 e6 8. Nf3 c5 9. dxc5 Ne4 10. Be3 Nc6 11. Nd2 Nxd2 12. Bxd2 Qa5 13. Nf4 Qxc5 14. h4 Na5 15. Qc2 Nc4 16. Nd3 Qc6 17. Bf4 Nxb2 18. Rc1 Nxd3+ 19. exd3 Qe8 20. Qb3 b5 21. 0-0 Bb7 22. a4 a6 23. axb5 axb5 24. Rb1 Rf7 25. Rfe1 Bc6 26. d4 Rfa7 27. Bd6 Qf7 28. Bf3 Bh6 29. Kg2 Qd7 30. Bc5 Ra6 31. Rb2 Bg7 32. Rbe2 Re8 33. Rb2 h5 34. Be2 Rb8 35. Bf3 Kh7 36. Rbe2 Re8 37. Qc2 Ra4 38. Bb4 Qf7 39. Qd3 Qd7 40. Bc5 Qc8 41. Bb4 Bd7 42. Bc5 Qc6 43. Bb4 Rc8 44. Qb1 Rca8 45. Rb2 R8a6 46. Qd3 Qa8 47. Qe3 Qd8 48. Qf4 Rc6 49. Be2 e5 50. dxe5 Rxc3 51. Qd2 Rc8 52. Bd6 Qb6 53. Bf3 Be6 54. Reb1 Bd7 55. Rb3 d4 56. Qg5 Bc6 57. Bxc6 Qxc6+ 58. Kh2 Ra2 59. R3b2 Rxb2 60. Rxb2 Ra8 61. Rb1 Qc2 62. Rf1 Qe2 63. Kg1 d3 64. Qf4 Ra4 65. Qe3 Qxe3 66. fxe3 Re4 67. Kf2 Bxe5 68. Bxe5 Rxe5 69. Rd1 Rd5 70. Ke1 Kg7 71. Kd2 Kf6 72. Rb1 Ke6 73. Rb4 Ke5 74. Rf4 Kd6 75. e4 Rd4 0-1

[Event "NED-ch (Women)"]
[Site "Hoogeveen"]
[Date "2021.10.20"]
[Round "4"]
[White "Roebers, Eline"]
[Black "Haast, Anne"]
[Result "0-1"]
[WhiteElo "2283"]
[BlackElo "2310"]
[PlyCount "56"]
[EventDate "2021.10.17"]
[EventType "tourn"]
[EventRounds "7"]
[EventCountry "NED"]
[SourceTitle "CBM 204 Extra"]
[Source "ChessBase"]
[SourceDate "2021.11.30"]
[SourceVersion "1"]
[SourceVersionDate "2021.11.30"]
[SourceQuality "1"]

1. e4 c5 2. Nf3 e6 3. d4 cxd4 4. Nxd4 Nc6 5. Nc3 a6 6. Bf4 d6 7. Bg3 Nxd4 8. Qxd4 e5 9. Qe3 h5 10. 0-0-0 Qa5 11. f3 Be6 12. Kb1 Rc8 13. Nd5 Qa4 14. b3 Qc6 15. c4 Ne7 16. f4 h4 17. Bf2 exf4 18. Nxf4 Ng6 19. Nxg6 fxg6 20. Bd3 Be7 21. e5 0-0 22. exd6 Qxd6 23. Rhe1 Bg4 24. Rd2 Qb4 25. Kc2 Bc5 26. Qg5 Rxf2 27. Rxf2 Qxe1 28. Rf1 Qe6 0-1

[Event "NED-ch (Women)"]
[Site "Hoogeveen"]
[Date "2021.10.18"]
[Round "2"]
[White "Lanchava, Tea"]
[Black "Haast, Anne"]
[Result "1-0"]
[WhiteElo "2214"]
[BlackElo "2310"]
[PlyCount "83"]
[EventDate "2021.10.17"]
[EventType "tourn"]
[EventRounds "7"]
[EventCountry "NED"]
[SourceTitle "CBM 204 Extra"]
[Source "ChessBase"]
[SourceDate "2021.11.30"]
[SourceVersion "1"]
[SourceVersionDate "2021.11.30"]
[SourceQuality "1"]

1. c4 e5 2. Nc3 Nf6 3. Nf3 Nc6 4. e3 Bb4 5. Qc2 0-0 6. Nd5 Re8 7. a3 Bf8 8. Bd3 g6 9. h4 Bg7 10. Nxf6+ Qxf6 11. h5 Ne7 12. hxg6 hxg6 13. e4 a5 14. Be2 Nc6 15. d3 Nd4 16. Nxd4 exd4 17. f4 d6 18. Bd2 Bd7 19. 0-0-0 b5 20. g4 bxc4 21. dxc4 Rab8 22. Bd3 Bxg4 23. Rdf1 Be2 24. Bxe2 d3 25. e5 dxe5 26. Bxd3 e4 27. Bc3 exd3 28. Qxd3 Qb6 29. Bxg7 Kxg7 30. Qc3+ f6 31. Rd1 Qe6 32. Kb1 a4 33. Ka1 Rb3 34. Qc2 Qe7 35. Qh2 Rg8 36. Qh6+ Kf7 37. Rhe1 Rxa3+ 38. Kb1 Re3 39. Rxe3 Qxe3 40. Qh7+ Rg7 41. Rd7+ Ke6 42. Qxg7 1-0

[Event "Online Olym Div Top-B"]
[Site "Chess.com INT"]
[Date "2020.08.21"]
[Round "3.3"]
[White "Hoang, Thanh Trang"]
[Black "Haast, Anne"]
[Result "0-1"]
[WhiteElo "2405"]
[BlackElo "2318"]
[PlyCount "82"]
[EventDate "2020.08.21"]
[EventType "team-tourn (rapid)"]
[EventRounds "9"]
[EventCountry "USA"]
[SourceTitle "CBM 198"]
[Source "ChessBase"]
[SourceDate "2020.10.31"]
[SourceVersion "1"]
[SourceVersionDate "2020.10.31"]
[SourceQuality "1"]
[WhiteTeam "Hungary"]
[BlackTeam "Netherlands"]
[WhiteTeamCountry "HUN"]
[BlackTeamCountry "NED"]

1. d4 f5 2. Bf4 Nf6 3. e3 e6 4. Nf3 Be7 5. h3 0-0 6. Be2 d6 7. 0-0 Qe8 8. c4 Nbd7 9. Nc3 b6 10. Bh2 Bb7 11. Ng5 Bd8 12. d5 Nxd5 13. cxd5 Bxg5 14. Nb5 Bd8 15. Bxd6 cxd6 16. Nxd6 Qe7 17. Nxb7 Nf6 18. Nxd8 Raxd8 19. Rc1 Nxd5 20. Qb3 Kh8 21. Rfd1 Nf6 22. Rxd8 Rxd8 23. Qc2 h6 24. Bf3 Qb4 25. a3 Qe7 26. Qc7 Rd7 27. Qb8+ Kh7 28. Qe5 Qd6 29. Qb5 Qe7 30. Rc6 e5 31. Be2 Rd2 32. Bd3 Qd7 33. Bf1 e4 34. a4 Rxb2 35. Qc4 Nd5 36. Rc8 Rb1 37. Ra8 a5 38. Qc2 Ra1 39. g3 Qxa4 40. Qc8 Ne7 41. Qd8 Qc4 0-1

[Event "Online Olym Div2 C"]
[Site "Chess.com INT"]
[Date "2020.08.14"]
[Round "2.4"]
[White "Haast, Anne"]
[Black "Brunello, Marina"]
[Result "1-0"]
[WhiteElo "2318"]
[BlackElo "2368"]
[PlyCount "79"]
[EventDate "2020.08.14"]
[EventType "team-tourn (rapid)"]
[EventRounds "9"]
[EventCountry "USA"]
[SourceTitle "CBM 198"]
[Source "ChessBase"]
[SourceDate "2020.10.31"]
[SourceVersion "1"]
[SourceVersionDate "2020.10.31"]
[SourceQuality "1"]
[WhiteTeam "Netherlands"]
[BlackTeam "Italy"]
[WhiteTeamCountry "NED"]
[BlackTeamCountry "ITA"]

1. e4 c5 2. Nf3 d6 3. d4 cxd4 4. Nxd4 Nf6 5. Nc3 a6 6. Be3 e5 7. Nb3 Be7 8. f3 Be6 9. Qd2 0-0 10. 0-0-0 a5 11. Bb5 Nc6 12. Qe2 Qb8 13. Kb1 Rc8 14. Na4 Nd7 15. Rd2 Qc7 16. Rhd1 Rf8 17. g4 Rac8 18. h4 Nb4 19. Bxd7 Qxd7 20. Nb6 Qc7 21. a3 a4 22. Nc1 Nc6 23. Nxc8 Rxc8 24. Qb5 Ra8 25. Bb6 Qc8 26. Ne2 Bxh4 27. Nc3 Nd4 28. Bxd4 exd4 29. Nd5 Qc5 30. Qb4 b5 31. Qxd4 Qc6 32. Rh1 Bd8 33. Rg2 Bxd5 34. exd5 Qd7 35. Qd3 g6 36. f4 Bf6 37. Qh3 Rc8 38. Qxh7+ Kf8 39. Qh3 Qe7 40. g5 1-0

[Event "Online Olym Div2 C"]
[Site "Chess.com INT"]
[Date "2020.08.14"]
[Round "3.3"]
[White "Haast, Anne"]
[Black "Viikmaa, Karmen"]
[Result "1-0"]
[WhiteElo "2318"]
[BlackElo "1720"]
[PlyCount "113"]
[EventDate "2020.08.14"]
[EventType "team-tourn (rapid)"]
[EventRounds "9"]
[EventCountry "USA"]
[SourceTitle "CBM 198"]
[Source "ChessBase"]
[SourceDate "2020.10.31"]
[SourceVersion "1"]
[SourceVersionDate "2020.10.31"]
[SourceQuality "1"]
[WhiteTeam "Netherlands"]
[BlackTeam "Estonia"]
[WhiteTeamCountry "NED"]
[BlackTeamCountry "EST"]

1. e4 c5 2. Nf3 Nc6 3. d4 cxd4 4. Nxd4 Qb6 5. Nb3 Nf6 6. Nc3 e6 7. a3 a6 8. Be2 Be7 9. 0-0 0-0 10. Be3 Qc7 11. Qe1 b5 12. Rd1 d6 13. f3 Ne5 14. Qf2 Bb7 15. Bb6 Qb8 16. Na5 Nfd7 17. Bd4 Rc8 18. Qg3 Bf8 19. Nxb7 Qxb7 20. f4 Nc6 21. Be3 Na5 22. Kh1 Nc4 23. Bc1 Nc5 24. Bf3 Rab8 25. b3 Nb6 26. Bb2 Qc7 27. Rd2 Ncd7 28. Rfd1 Na8 29. Rxd6 Ndb6 30. R6d2 f6 31. Ne2 Qf7 32. Nd4 Rc7 33. Bg4 Re8 34. Qh3 Rce7 35. Qe3 f5 36. Bf3 fxe4 37. Bxe4 Nd5 38. Qh3 g6 39. Ne2 Nxf4 40. Nxf4 Qxf4 41. Qd3 Bg7 42. Bxg7 Rxg7 43. Rf1 Qb8 44. c4 bxc4 45. bxc4 Nb6 46. c5 Rd7 47. Qc2 Rxd2 48. Qxd2 Nc8 49. Qd7 Qb5 50. Qf7+ Kh8 51. c6 Nd6 52. Qf6+ Kg8 53. Bxg6 Qxc6 54. Bxe8 Qxe8 55. Re1 Qf7 56. Qxe6 Qxe6 57. Rxe6 1-0

[Event "NED-ch rapid (Women) 5th"]
[Site "Amstelveen"]
[Date "2019.12.01"]
[Round "3"]
[White "Haast, Anne"]
[Black "Keetman, Maaike"]
[Result "1-0"]
[WhiteElo "2288"]
[BlackElo "2203"]
[PlyCount "47"]
[EventDate "2019.12.01"]
[EventType "tourn (rapid)"]
[EventRounds "7"]
[EventCountry "NED"]
[SourceTitle "CBM 193 Extra"]
[Source "ChessBase"]
[SourceDate "2020.01.31"]
[SourceVersion "1"]
[SourceVersionDate "2020.01.31"]
[SourceQuality "1"]

1. e4 e6 2. d4 d5 3. Nc3 Nf6 4. Bg5 dxe4 5. Nxe4 Be7 6. Nxf6+ Bxf6 7. Bxf6 Qxf6 8. Nf3 0-0 9. Qd2 c5 10. 0-0-0 Rd8 11. Bd3 cxd4 12. Ng5 h6 13. Ne4 Qe7 14. g4 e5 15. Rdg1 Kh8 16. g5 h5 17. g6 f6 18. Qd1 Bg4 19. Rxg4 hxg4 20. Qxg4 Kg8 21. Qh3 Qe8 22. Bc4+ Kf8 23. Qh8+ Ke7 24. Qxg7+ 1-0

[Event "NED-ch rapid (Women) 5th"]
[Site "Amstelveen"]
[Date "2019.12.01"]
[Round "5"]
[White "Roebers, Eline"]
[Black "Haast, Anne"]
[Result "1-0"]
[WhiteElo "2062"]
[BlackElo "2288"]
[PlyCount "109"]
[EventDate "2019.12.01"]
[EventType "tourn (rapid)"]
[EventRounds "7"]
[EventCountry "NED"]
[SourceTitle "CBM 193 Extra"]
[Source "ChessBase"]
[SourceDate "2020.01.31"]
[SourceVersion "1"]
[SourceVersionDate "2020.01.31"]
[SourceQuality "1"]

1. e4 c5 2. Nf3 e6 3. d4 cxd4 4. Nxd4 Nc6 5. Nc3 Qc7 6. f4 a6 7. Nxc6 Qxc6 8. Bd3 b5 9. Qe2 Bb7 10. Bd2 Bc5 11. 0-0-0 Ne7 12. a3 0-0 13. Qh5 b4 14. axb4 Bxb4 15. e5 g6 16. Qh4 Nf5 17. Bxf5 exf5 18. Nd5 Qxd5 19. Bxb4 Qxg2 20. Rhg1 Qe2 21. Bxf8 Rxf8 22. Rge1 Qb5 23. Qe7 Bc6 24. Kb1 Qc4 25. Rf1 Qe2 26. h4 Rc8 27. Qc5 Bb7 28. Qf2 Qb5 29. Qd4 Be4 30. Rf2 Rb8 31. h5 h6 32. hxg6 fxg6 33. Qc3 Qc6 34. Qxc6 Bxc6 35. Rd6 Kf7 36. Rfd2 Rb7 37. e6+ Ke7 38. exd7 Rxd7 39. Rxd7+ Bxd7 40. Rh2 h5 41. c4 Be6 42. c5 Bd5 43. Kc2 a5 44. Kc3 Kd7 45. Kd4 Kc6 46. Re2 Be4 47. Re3 Bd5 48. Ra3 Bg2 49. Rg3 Be4 50. Rxg6+ Kc7 51. Rg5 Bf3 52. Rxf5 h4 53. Rf7+ Kc6 54. Rf6+ Kb5 55. Rh6 1-0

[Event "EU-chT (Women) 22nd"]
[Site "Batumi"]
[Date "2019.10.31"]
[Round "7.2"]
[White "Toma, Katarzyna"]
[Black "Haast, Anne"]
[Result "1/2-1/2"]
[WhiteElo "2272"]
[BlackElo "2288"]
[PlyCount "61"]
[EventDate "2019.10.24"]
[EventType "team-swiss"]
[EventRounds "9"]
[EventCountry "GEO"]
[SourceTitle "CBM 192 Extra"]
[Source "Chessbase"]
[SourceDate "2019.11.06"]
[SourceVersion "1"]
[SourceVersionDate "2019.11.06"]
[SourceQuality "1"]
[WhiteTeam "England (W)"]
[BlackTeam "Netherlands (W)"]
[WhiteTeamCountry "ENG"]
[BlackTeamCountry "NED"]

1. e4 c5 2. Nf3 e6 3. d4 cxd4 4. Nxd4 Nc6 5. Nc3 Qc7 6. Be2 a6 7. 0-0 Nf6 8. Be3 Bb4 9. Na4 Be7 10. Nxc6 bxc6 11. Nb6 Rb8 12. Nxc8 Qxc8 13. Bd4 c5 14. Be5 Rb6 15. b3 d6 16. Bc3 0-0 17. Bd3 c4 18. Bxc4 d5 19. exd5 exd5 20. Ba5 Rc6 21. Bd3 Ne4 22. c4 Rh6 23. cxd5 Bd6 24. Bxe4 Bxh2+ 25. Kh1 Bg3+ 26. Kg1 Bh2+ 27. Kh1 Bg3+ 28. Kg1 Bh2+ 29. Kh1 Bg3+ 30. Kg1 Bh2+ 31. Kh1 1/2-1/2

[Event "EU-chT (Women) 22nd"]
[Site "Batumi"]
[Date "2019.10.25"]
[Round "2.6"]
[White "Haast, Anne"]
[Black "Bulmaga, Irina"]
[Result "0-1"]
[WhiteElo "2288"]
[BlackElo "2442"]
[PlyCount "50"]
[EventDate "2019.10.24"]
[EventType "team-swiss"]
[EventRounds "9"]
[EventCountry "GEO"]
[SourceTitle "CBM 192 Extra"]
[Source "Chessbase"]
[SourceDate "2019.11.06"]
[SourceVersion "1"]
[SourceVersionDate "2019.11.06"]
[SourceQuality "1"]
[WhiteTeam "Netherlands (W)"]
[BlackTeam "Romania (W)"]
[WhiteTeamCountry "NED"]
[BlackTeamCountry "ROU"]

1. e4 e5 2. Nf3 Nc6 3. d4 exd4 4. Nxd4 Bc5 5. Nb3 Bb6 6. Nc3 Nge7 7. Bg5 0-0 8. Qd2 d6 9. 0-0-0 a5 10. a4 Bg4 11. f3 Be6 12. f4 f6 13. Bh4 Kh8 14. Bf2 Bxf2 15. Qxf2 Nb4 16. Rg1 Bxb3 17. cxb3 d5 18. Bd3 d4 19. Bc4 c5 20. g4 Nc8 21. Ne2 Nd6 22. Qh4 Nxc4 23. bxc4 Qe8 24. b3 Qxe4 25. Rd2 d3 0-1

[Event "EU-chT (Women) 22nd"]
[Site "Batumi"]
[Date "2019.10.24"]
[Round "1.14"]
[White "Vanduyfhuys, Daria"]
[Black "Haast, Anne"]
[Result "1/2-1/2"]
[WhiteElo "1983"]
[BlackElo "2288"]
[PlyCount "100"]
[EventDate "2019.10.24"]
[EventType "team-swiss"]
[EventRounds "9"]
[EventCountry "GEO"]
[SourceTitle "CBM 192 Extra"]
[Source "Chessbase"]
[SourceDate "2019.11.06"]
[SourceVersion "1"]
[SourceVersionDate "2019.11.06"]
[SourceQuality "1"]
[WhiteTeam "Belgium (W)"]
[BlackTeam "Netherlands (W)"]
[WhiteTeamCountry "BEL"]
[BlackTeamCountry "NED"]

1. d4 f5 2. c4 Nf6 3. Nc3 d6 4. Nf3 g6 5. g3 Bg7 6. Bg2 0-0 7. 0-0 c6 8. Qc2 Na6 9. a3 Qc7 10. b4 e5 11. Bb2 e4 12. Nd2 Qf7 13. Rac1 g5 14. Nd1 Re8 15. Qc3 Nc7 16. f3 exf3 17. Qxf3 Qg6 18. Qd3 f4 19. gxf4 Bf5 20. e4 Nxe4 21. Nxe4 Bxe4 22. Bxe4 Qxe4 23. Qxe4 Rxe4 24. fxg5 Ne6 25. d5 Nxg5 26. Bxg7 Kxg7 27. Rc2 Rae8 28. Kh1 Re2 29. Rc3 Ne4 30. Rcf3 Rd2 31. Rg1+ Kh8 32. Rf7 cxd5 33. cxd5 Rxd5 34. Ne3 Rg5 35. Rc1 Kg8 36. Rcc7 Rc8 37. h4 Rxc7 38. Rxc7 Rg3 39. Nf5 Rxa3 40. Rxb7 a6 41. Rb6 Kf7 42. Nxd6+ Nxd6 43. Rxd6 Rh3+ 44. Kg2 Rxh4 45. Rxa6 Rxb4 46. Kh3 Kg7 47. Kg3 Rb1 48. Kh4 Rh1+ 49. Kg5 Rg1+ 50. Kh5 Rh1+ 1/2-1/2

[Event "NED-ch rapid (Women) 4th"]
[Site "Amstelveen"]
[Date "2018.11.18"]
[Round "7"]
[White "Haast, Anne"]
[Black "Kazarian, Anna Maja"]
[Result "1-0"]
[WhiteElo "2309"]
[BlackElo "2194"]
[PlyCount "93"]
[EventDate "2018.11.18"]
[EventType "tourn (rapid)"]
[EventRounds "7"]
[EventCountry "NED"]
[SourceTitle "CBM 187 Extra"]
[Source "ChessBase"]
[SourceDate "2018.11.04"]
[SourceVersion "1"]
[SourceVersionDate "2018.11.04"]
[SourceQuality "1"]

1. e4 c6 2. Nf3 d5 3. Nc3 Bg4 4. h3 Bxf3 5. Qxf3 e6 6. Qg3 Nf6 7. d3 d4 8. Ne2 c5 9. Bd2 Nc6 10. Nc1 Qb6 11. Nb3 Nb4 12. Bxb4 Qxb4+ 13. Nd2 c4 14. Rb1 c3 15. bxc3 Qxc3 16. Qg5 a6 17. Rb3 Qxc2 18. Rxb7 Nd7 19. Qg3 Qc1+ 20. Ke2 Rc8 21. Nc4 Rxc4 22. dxc4 Qxc4+ 23. Kd1 Qc6 24. Rb1 Bd6 25. Qxg7 Be5 26. Qg5 Qa4+ 27. Rb3 Qxa2 28. Bc4 Qa4 29. Kd2 Bf6 30. Qg3 Qxc4 31. Rc1 Qa4 32. Rc8+ Ke7 33. Rc7 Qa5+ 34. Ke2 e5 35. Rbb7 Qa2+ 36. Kd1 Qa1+ 37. Rc1 Qa4+ 38. Ke1 Qa5+ 39. Kf1 Qd2 40. Qa3+ Ke8 41. Rcb1 d3 42. Qd6 Qe2+ 43. Kg1 Be7 44. Qxd7+ Kf8 45. Qxe7+ Kg7 46. Qg5+ Kf8 47. Rb8# 1-0

[Event "NED-ch (Women)"]
[Site "Amsterdam"]
[Date "2018.07.05"]
[Round "4"]
[White "Haast, Anne"]
[Black "Paulet, Iozefina"]
[Result "1/2-1/2"]
[WhiteElo "2343"]
[BlackElo "2286"]
[PlyCount "219"]
[EventDate "2018.07.02"]
[EventType "tourn"]
[EventRounds "7"]
[EventCountry "NED"]
[EventCategory "1"]
[SourceTitle "CBM 185 Extra"]
[Source "ChessBase"]
[SourceDate "2018.07.29"]
[SourceVersion "1"]
[SourceVersionDate "2018.07.29"]
[SourceQuality "1"]

1. e4 e6 2. d4 d5 3. Nc3 Nf6 4. Bg5 Bb4 5. e5 h6 6. Bc1 Ne4 7. Qg4 g6 8. Nge2 c5 9. a3 Bxc3+ 10. Nxc3 Nxc3 11. bxc3 Nc6 12. a4 Qa5 13. Bd2 c4 14. Be2 b5 15. 0-0 bxa4 16. Ra2 Bd7 17. Rfa1 Ne7 18. Qf3 Rb8 19. Bc1 Qd8 20. Bf1 Nf5 21. g3 Kf8 22. h4 Kg8 23. Bh3 Ng7 24. Bd2 Rb7 25. Qd1 Ne8 26. Rb1 Qb8 27. Rxb7 Qxb7 28. Qc1 Kg7 29. Qa3 Bb5 30. h5 Qd7 31. hxg6 fxg6 32. Ra1 a6 33. Kg2 Nc7 34. Rh1 Ne8 35. Bg4 Qf7 36. Be2 h5 37. Bg5 Rf8 38. f3 Qf5 39. Qc1 Kg8 40. Rh4 Qf7 41. Qa3 Ng7 42. Bf6 Qb7 43. g4 Be8 44. Rh1 Rf7 45. Kf2 Qb8 46. Qc1 a3 47. gxh5 gxh5 48. Qxa3 Nf5 49. Bg5 Rg7 50. Qc1 h4 51. Bf6 Rg6 52. Rg1 Qb7 53. Rxg6+ Bxg6 54. Bf1 Qh7 55. Bh3 Qh5 56. Qb1 Be8 57. Qb6 Qf7 58. Qxa6 Kh7 59. Bxf5+ exf5 60. Bxh4 Bd7 61. Qd6 Be6 62. Qd8 Qg8 63. Qe7+ Qf7 64. Qg5 Qg6 65. Qf4 Qh5 66. Qg3 Qg6 67. Bg5 Qh5 68. Bf4 Kh8 69. Ke3 Kh7 70. Qg2 Qh4 71. Qg1 Qh5 72. Bg5 Qg6 73. Qh2+ Kg8 74. Bf6 Qh7 75. Qg1+ Kf7 76. Ke2 Ke8 77. Kd2 Qh6+ 78. Bg5 Qh3 79. Ke3 Qh5 80. Qg3 Qh1 81. Kd2 Qh7 82. Kc1 Kd7 83. Bf6 Ke8 84. Qg5 Kd7 85. Bd8 Qf7 86. Bb6 Qe7 87. Qh6 Qf7 88. Bc5 Kc6 89. Qh8 Qg8 90. Qf6 Qe8 91. Qh4 Kd7 92. Kb2 Qb8+ 93. Bb4 Qe8 94. Qh1 Kc8 95. Qa1 Qc6 96. Qa5 Kb7 97. Bc5 Kc8 98. Kc1 Kd7 99. Bd6 Qb7 100. Kd2 Ke8 101. Ke3 Qd7 102. Kf4 Kf7 103. Qa1 Qe8 104. Qh1 Qg8 105. Qh4 Qg6 106. Be7 Kg8 107. Bg5 Qh7 108. Bh6 Qf7 109. Qd8+ Kh7 110. Bg5 1/2-1/2

[Event "NED-ch (Women)"]
[Site "Amsterdam"]
[Date "2018.07.04"]
[Round "3"]
[White "Lanchava, Tea"]
[Black "Haast, Anne"]
[Result "1/2-1/2"]
[WhiteElo "2310"]
[BlackElo "2343"]
[PlyCount "97"]
[EventDate "2018.07.02"]
[EventType "tourn"]
[EventRounds "7"]
[EventCountry "NED"]
[EventCategory "1"]
[SourceTitle "CBM 185 Extra"]
[Source "ChessBase"]
[SourceDate "2018.07.29"]
[SourceVersion "1"]
[SourceVersionDate "2018.07.29"]
[SourceQuality "1"]

1. d4 d5 2. Nf3 c5 3. c3 cxd4 4. cxd4 Nf6 5. Nc3 Nc6 6. Bf4 Ne4 7. Qb3 e6 8. e3 Nxc3 9. bxc3 Bd6 10. Bg3 0-0 11. Bd3 b6 12. e4 dxe4 13. Bxe4 Bb7 14. Qc2 h6 15. 0-0 Rc8 16. Qe2 Na5 17. Bxb7 Nxb7 18. c4 Qe7 19. Rac1 Rc7 20. Rfe1 Bxg3 21. hxg3 Qa3 22. Rc2 Rfc8 23. Rec1 Nd6 24. g4 Qa4 25. c5 Nb7 26. g5 hxg5 27. Rc4 Qa6 28. Qe5 bxc5 29. Qxg5 Qd6 30. Qh5 cxd4 31. Ng5 Qf4 32. g3 Qxc1+ 33. Rxc1 Rxc1+ 34. Kg2 Nd6 35. Qh7+ Kf8 36. Qh8+ Ke7 37. Qxg7 R8c5 38. Nh7 d3 39. Qf8+ Kd7 40. Nf6+ Kc6 41. Qa8+ Kc7 42. Qxa7+ Nb7 43. Qa4 Rc6 44. Qd4 Rd1 45. Qd7+ Kb6 46. Qd4+ Kc7 47. Qd7+ Kb6 48. Qd4+ Kc7 49. Qf4+ 1/2-1/2

[Event "BEL-chT 1718"]
[Site "Belgium"]
[Date "2018.03.11"]
[Round "8.2"]
[White "Vrolijk, Liam"]
[Black "Haast, Anne"]
[Result "1/2-1/2"]
[WhiteElo "2418"]
[BlackElo "2296"]
[PlyCount "85"]
[EventDate "2017.09.24"]
[EventType "team-tourn"]
[EventRounds "11"]
[EventCountry "BEL"]
[SourceTitle "EXT 2019"]
[Source "ChessBase"]
[SourceDate "2018.10.10"]
[SourceVersion "1"]
[SourceVersionDate "2018.10.10"]
[SourceQuality "1"]
[WhiteTeam "Brasschaat"]
[BlackTeam "TSM Schifflange"]
[WhiteTeamCountry "BEL"]
[BlackTeamCountry "BEL"]

1. d4 d5 2. c4 dxc4 3. e4 Nc6 4. Nf3 Bg4 5. d5 Ne5 6. Bf4 Ng6 7. Be3 e5 8. Bxc4 Nf6 9. Bb5+ Bd7 10. Bxd7+ Qxd7 11. Qc2 Be7 12. Nc3 0-0 13. h3 c6 14. dxc6 Qxc6 15. a3 a5 16. 0-0 b5 17. Rac1 Rac8 18. Qd3 b4 19. axb4 Bxb4 20. Nd5 Qd6 21. Nxf6+ Qxf6 22. Rxc8 Rxc8 23. Rd1 Nf4 24. Qd7 Rf8 25. Bxf4 Qxf4 26. Qd5 Re8 27. Qc6 Kf8 28. Rd3 Be7 29. Nd2 g6 30. Qc7 a4 31. Qc6 Rb8 32. Qc3 Rb4 33. g3 Qf6 34. Rd5 Rd4 35. Kg2 Bb4 36. Qc8+ Kg7 37. Rxd4 exd4 38. Nf3 d3 39. e5 Qe6 40. Qd8 d2 41. Qd4 h6 42. Nxd2 Bxd2 43. Qxd2 1/2-1/2

[Event "BEL-chT 1718"]
[Site "Belgium"]
[Date "2018.02.25"]
[Round "7.2"]
[White "Haast, Anne"]
[Black "Lai, Hing Ting"]
[Result "0-1"]
[WhiteElo "2296"]
[BlackElo "2422"]
[PlyCount "70"]
[EventDate "2017.09.24"]
[EventType "team-tourn"]
[EventRounds "11"]
[EventCountry "BEL"]
[SourceTitle "EXT 2019"]
[Source "ChessBase"]
[SourceDate "2018.10.10"]
[SourceVersion "1"]
[SourceVersionDate "2018.10.10"]
[SourceQuality "1"]
[WhiteTeam "TSM Schifflange"]
[BlackTeam "Liege Crelel"]
[WhiteTeamCountry "BEL"]
[BlackTeamCountry "BEL"]

1. e4 g6 2. d4 Bg7 3. Nc3 d6 4. Be3 a6 5. Qd2 b5 6. 0-0-0 c6 7. h4 h5 8. f3 Qc7 9. Kb1 Nf6 10. Nh3 Bxh3 11. Rxh3 Nbd7 12. Rh1 c5 13. dxc5 dxc5 14. g3 0-0 15. Bh3 Nb6 16. Qf2 Nc4 17. Bxc5 Nxb2 18. Kxb2 b4 19. Ka1 bxc3 20. Bb6 Qc4 21. Rhe1 Rab8 22. Qc5 Qa4 23. Re2 e6 24. Rd4 Qe8 25. Ba7 Nd7 26. Qxc3 Rb7 27. e5 Rxa7 28. f4 Nb6 29. g4 Qb5 30. Qe3 Rb7 31. Re1 Nc4 32. Qc3 Rfb8 33. a3 Ne3 34. a4 Qb6 35. gxh5 Nxc2+ 0-1

[Event "EU-chT (Women) 21st"]
[Site "Heraklion"]
[Date "2017.10.29"]
[Round "2.2"]
[White "Haast, Anne"]
[Black "Yildiz Kadioglu, Betul Cemre"]
[Result "1/2-1/2"]
[WhiteElo "2288"]
[BlackElo "2350"]
[PlyCount "245"]
[EventDate "2017.10.28"]
[EventType "team-swiss"]
[EventRounds "9"]
[EventCountry "GRE"]
[SourceTitle "CBM 181 Extra"]
[Source "ChessBase"]
[SourceDate "2017.12.12"]
[SourceVersion "1"]
[SourceVersionDate "2017.12.12"]
[SourceQuality "1"]
[WhiteTeam "Netherlands (W)"]
[BlackTeam "Turkey (W)"]
[WhiteTeamCountry "NED"]
[BlackTeamCountry "TUR"]

1. e4 e5 2. Nf3 Nc6 3. Bb5 a6 4. Ba4 Nf6 5. d3 d6 6. c3 g6 7. 0-0 Bg7 8. Re1 0-0 9. Nbd2 h6 10. d4 b5 11. Bb3 exd4 12. cxd4 Na5 13. Bc2 c5 14. e5 Ne8 15. dxc5 dxc5 16. Qe2 Be6 17. Ne4 Qe7 18. Bf4 Nc4 19. Rac1 Nxb2 20. Nf6+ Nxf6 21. exf6 Bxf6 22. Ne5 Bd5 23. Bxg6 fxg6 24. Qxb2 Qb7 25. Qc2 g5 26. Bg3 c4 27. Ng4 Bg7 28. Qg6 Qc6 29. Bd6 Kh8 30. Ne5 Rf6 31. Qxf6 Bxf6 32. Nxc6 Bxc6 33. Re6 Kg7 34. Be7 Bxe7 35. Rxe7+ Kf6 36. Rh7 Kg6 37. Rc7 Be4 38. Re1 Bd3 39. f3 b4 40. g4 Rf8 41. Kf2 b3 42. axb3 cxb3 43. Rb7 Bc2 44. Ree7 Kf6 45. Rec7 Ke5 46. Ke3 Kd6 47. Rc4 a5 48. Rb6+ Kd5 49. Rbc6 Re8+ 50. Kd2 a4 51. R4c5+ Kd4 52. Rc4+ Kd5 53. R4c5+ Kd4 54. Ra5 Rb8 55. Rd6+ Kc4 56. Rxa4+ Kc5 57. Rdd4 Rf8 58. Rac4+ Kb5 59. f4 gxf4 60. Rxf4 Rd8+ 61. Rcd4 Ra8 62. h4 Ra1 63. Rb4+ Kc5 64. Rfc4+ Kd5 65. Rxc2 bxc2 66. Kxc2 Rg1 67. Kd3 Ke5 68. Ke3 Kf6 69. Rb6+ Kg7 70. Kf3 Ra1 71. Re6 Rh1 72. h5 Rf1+ 73. Kg2 Rf4 74. Kg3 Ra4 75. Rg6+ Kh7 76. Rb6 Kg7 77. Kf3 Rc4 78. Kg3 Ra4 79. Rb7+ Kg8 80. Kf3 Rc4 81. Re7 Ra4 82. Re4 Ra1 83. Re6 Kg7 84. Ke4 Re1+ 85. Kf5 Rf1+ 86. Ke5 Re1+ 87. Kd6 Rd1+ 88. Ke7 Rd4 89. Rg6+ Kh7 90. Kf6 Rd6+ 91. Kf7 Rd7+ 92. Ke6 Ra7 93. Kf5 Ra5+ 94. Kf4 Ra4+ 95. Kg3 Ra3+ 96. Kh4 Rb3 97. Re6 Ra3 98. Re1 Rb3 99. Rg1 Ra3 100. Rg3 Ra2 101. Kh3 Rb2 102. Re3 Ra2 103. Kg3 Ra4 104. Kf3 Rb4 105. Re7+ Kg8 106. Re4 Rb1 107. Kf4 Rf1+ 108. Ke5 Kg7 109. Kd6 Rd1+ 110. Ke6 Ra1 111. Rd4 Re1+ 112. Kf5 Rf1+ 113. Ke5 Re1+ 114. Re4 Ra1 115. Kf5 Rf1+ 116. Ke6 Ra1 117. Re5 Rg1 118. Re4 Ra1 119. Rd4 Re1+ 120. Kf5 Rf1+ 121. Ke4 Re1+ 122. Kf4 Rf1+ 123. Kg3 1/2-1/2